000 00326nam a2200145Ia 4500
100 _aTheraja/B.L.
942 _cBK
654 _aelectrical
245 _aWorked examples in electrical technology
260 _bS.Chand and Co.
_aNew Delhi
_c1983
082 _a621.3
_bTHE
300 _a446
546 _aENGLISH
999 _c29698
_d29698